| 000 | 00561nam a2200181Ia 4500 | ||
|---|---|---|---|
| 001 | 19908 | ||
| 005 | 20260306172727.0 | ||
| 008 | 260306t2000||||xx |||||||||||||| ||spa|| | ||
| 041 | _aESP | ||
| 082 |
_a341.4 _bE97 |
||
| 100 |
_aSalazar Puente de la Vega, Mercedes (comp.) _eAUT |
||
| 245 | 0 | _aExtractos de los temas de investigación del curso de métodos de investigación jurídica del curso de métodos de investigación jurídica | |
| 260 | _c2000 | ||
| 300 |
_a114 páginas : _c21 cm. |
||
| 650 | _aGEN | ||
| 654 | _aCDE | ||
| 942 |
_cLIB _dJUS _fJUS _2ddc _n |
||
| 999 |
_c19908 _d19908 |
||